Normal view
MARC view
- Farquhar, Erin
Entry Personal Name
001 - CONTROL NUMBER
- control field: 112385
003 - CONTROL NUMBER IDENTIFIER
- control field: NUST
005 - DATE AND TIME OF LATEST TRANSACTION
- control field: 20230516132556.0
008 - FIXED-LENGTH DATA ELEMENTS
- fixed length control field: 230516|| aca||aabn | a|a d
040 ## - CATALOGING SOURCE
- Original cataloging agency: NUST
- Transcribing agency: NUST
100 ## - HEADING--PERSONAL NAME
- Personal name: Farquhar, Erin
670 ## - SOURCE DATA FOUND
- Source citation: Work cat.: (NUST)176230: Hunter, Colin B. 112383, Introduction to the Intel iAPX 432 architecture /, [1984], c1985.
